NLSUI OPAC header image

The African report on child wellbeing: how child - frendly are African governaments? (Record no. 27942)

MARC details
000 -LEADER
fixed length control field 00440nam a2200157Ia 4500
008 - FIXED-LENGTH DATA ELEMENTS--GENERAL INFORMATION
fixed length control field 160316s2008 xxu||||| |||| 00| 0 eng d
082 ## - DEWEY DECIMAL CLASSIFICATION NUMBER
Classification number 346.017000
Item number THE
100 ## - MAIN ENTRY--PERSONAL NAME
Personal name
245 ## - TITLE STATEMENT
Title The African report on child wellbeing: how child - frendly are African governaments?
250 ## - EDITION STATEMENT
Edition statement
260 ## - PUBLICATION, DISTRIBUTION, ETC.
Place of publication, distribution, etc. Ethiopia
Name of publisher, distributor, etc. The African child policy forum
Date of publication, distribution, etc. 2008
300 ## - PHYSICAL DESCRIPTION
Extent 192
Other physical details
Dimensions
365 ## - TRADE PRICE
Price amount
650 ## - SUBJECT ADDED ENTRY--TOPICAL TERM
Topical term or geographic name entry element Child wellbeing, Child
700 ## - ADDED ENTRY--PERSONAL NAME
Personal name
--
Holdings
Withdrawn status Lost status Damaged status Not for loan Home library Current library Shelving location Date acquired Total Checkouts Full call number Barcode Date last seen Price effective from Koha item type
        . .   30.05.2017   346.017 THE REP10121 30.05.2017 30.05.2017 Repository